000 00238 a2200109 4500
001 51082
040 _cAnchieta - Pituba
240 1 0 _aExtra
_l
245 1 0 _aExtra
650 4 _aLínguas germânicas (teutônicas) língua alemã
942 _cMX
999 _c51082
_d51082